000 00467nam a2200181Ia 4500
001 15354
005 20260306170150.0
008 260306t2017||||xx |||||||||||||| ||und||
041 _aESP
082 _a532
_bZ912
100 _aZacarías Santiago, Alejandro
_eAUT
245 0 _aMecánica de fluidos:
_bteoría con aplicaciones y modelado
260 _c2017
300 _ax, 421 páginas :
_c27 cm.
650 _aGEN
654 _aCCN
942 _cLIB
_dJUS
_fJUS
_2ddc
_n
999 _c15354
_d15354